| 000 | 00780nam a2200205Ia 4500 | ||
|---|---|---|---|
| 001 | 11365 | ||
| 003 | GE_BSU | ||
| 008 | 181216s||||||||xx |||||||||||||| ||und|| | ||
| 040 | _cGE_BSU | ||
| 080 | _a581.9(479.22) | ||
| 245 | _aსაქართველოს ფლორა | ||
| 245 | _cრედ: ა. მაყაშვილი დ. სოსნოვსკი ი. თუმაჯანოვი, ო. კაპელერი, ა. მაყაშვილი და სხვ. | ||
| 260 | _aთბილისი | ||
| 260 | _bმეც. აკად. გამ–ბა | ||
| 260 | _c1941 | ||
| 300 | _a330გვ.25სმ. | ||
| 300 | _eილ. საძიებელი გვ.331 | ||
| 653 | _aსაქართველოს ფლორა | ||
| 942 | _cBK | ||
| 999 |
_c44562 _d44562 |
||